Small business survival book : 12 surefire ways for your business to survive and thrive

Gorde:
Xehetasun bibliografikoak
Egile nagusia:  Weltman, Barbara
Formatua: Sách
Hizkuntza:Undetermined
Argitaratua:  John Wiley & Sons  2006
Gaiak:
Etiketak: Etiketa erantsi
Etiketarik gabe, Izan zaitez lehena erregistro honi etiketa jartzen!
Thư viện lưu trữ: Trung tâm Thư viện - Trường Đại học Công nghiệp TP. Hồ Chí Minh
LEADER 00547nam a2200157Ia 4500
001 UIH_04387
008 231011s9999 xx 000 0 und d
082 |a  658.022 
100 |a  Weltman, Barbara 
245 0 |a  Small business survival book : 12 surefire ways for your business to survive and thrive 
245 0 |c  Weltman, Barbara 
260 |b  John Wiley & Sons 
260 |c  2006 
650 |a  Quản trị doanh nghiệp;  
927 |a Sách 
980 |a Trung tâm Thư viện - Trường Đại học Công nghiệp TP. Hồ Chí Minh